| 000 | 01173nam0a22002771 4500 | ||
|---|---|---|---|
| 001 | rc\4007668 | ||
| 005 | 20260406074708.0 | ||
| 021 |
_aRU _b[53-19576] |
||
| 035 | _a(NLR Aleph) 007945466 | ||
| 090 |
_a8305675 _c8305675 |
||
| 100 | _a20130415d1953 |||y0rusy50 ca | ||
| 101 | 1 |
_arus _cfre |
|
| 102 | _aRU | ||
| 105 | _aa z ||||| | ||
| 200 | 1 |
_aГаврош _e[Отрывок из романа "Отверженные" _eДля мл. школьного возраста _fПер. с фр. и обработка Н. Касаткиной] _gРис. Д. Дубинского |
|
| 210 |
_aМосква _aЛенинград _cДетгиз _d1953 |
||
| 215 |
_a56 с. _cил. _d30 |
||
| 700 | 1 |
_8rus _7ca _aГюго _bВ. _f1802-1885 _gВиктор _3RU\NLR\AUTH\7721605 _94666 |
|
| 702 | 1 |
_4440 _aДубинский _bД. А. _f1920-1960 _gДавид Александрович _3RU\NLR\AUTH\770151536 _9151498 |
|
| 702 | 1 |
_4730 _8rus _7ca _aКасаткина _bН. Г. _f1902-1985 _gНаталья Григорьевна _3RU\NLR\AUTH\7764533 _947462 |
|
| 801 | 0 |
_aRU _bNLR _gpsbo |
|
| 801 | 1 |
_aRU _bELAR _2rusmarc |
|
| 852 |
_aNLR _jДл02 Г-8/941 |
||
| 942 | _cBOOK | ||
| 980 | _aNB | ||